Trouver les 15 pays manquants (hard) - Statistiques

Statistiques générales
  • Ce quiz a été pris 88 fois
  • Le résultat moyen est 11 sur 15
Réponses sur la Carte
Les réponses sont colorées sur une échelle allant du rouge au vert en fonction du pourcentage des utilisateurs qui les ont devinées à leur premier essai. Vous pouvez retrouver ces pourcentages ci-dessous.
 
Statistiques - réponses
Réponses % Correct
Haïti
81%
Sri Lanka
79%
Taïwan
78%
Nouvelle Zélande
76%
Albanie
75%
Monténégro
73%
Philippines
73%
Qatar
71%
Somalie
71%
Malaisie
70%
Chypre
68%
Estonie
68%
Gambie
67%
Liban
57%
Koweït
54%
Aucun quiz correspondant
Distribution des résultats
% des personnes avec chaque résultat
Percentile par nombre de réponses
Votre historique - résultats
Vous n’avez pas pris ce quiz